000 00912 a2200193 4500
003 NUST
005 20251117165436.0
040 _cNust
082 _a621.382,RAS
100 _aEhsan, NC Rashid (TCC-15B)
_9131924
245 _aThe design, comparison and complexity analysis of various techniques for a MIMO OFDM system and to develop a technique that in terms of complexity and performance gives the most optimum results /
_cNC Ehsan Rashid , NC Ibrahim Bilal , NC Sohail Shah and NC Mohammad Hasnain
260 _aRawalpindi
_bMCS (NUST)
_c2007
300 _aiv, 56 p.;
505 _aIntroduction (Page-1), Multi-Antenna Link: Signal Model and SDM Technique (Page-11), Orthogonal Frequency Division Multiplexing (OFDM), MIMO Combined With OFDM (Page-55).
650 _aUG Projects
_998716
651 _aTCC-15B
_9131923
700 _aSupervised by Asst Prof Maj (R) Fazal Ahmed
_9131878
942 _2ddc
_cPR
999 _c182568
_d182568